000 00701nam a2200277Ia 4500
003 OSt
005 20220912152039.0
006 a|||||r|||| 00| 0
007 ta
008 220909b |||||||| |||| 00| 0 eng d
024 _a60894
037 _cTextual
040 _aCSL
_beng
_cCSL
041 _aeng
082 _aB0C, H8
100 _aHouston William V
245 0 _aPrinciples of mathematical physics
250 _a2
260 _c1948
300 _ap.
_ccm.
490 _aInternational series in pure and applied physics; 11-12
650 _a Mathematical physics
650 _aMathematics
942 _hB0C, H8
_cTEXL
_2CC
999 _c79858
_d79858